{"text_format":"3","workbook":"xlsx","n_sheets":1,"sheets":["t513"],"read":"whole","date_system":"1900"}

{"sheet":"t513","index":0,"n_rows":231,"n_cols":7,"rows_kept":231,"merged":[[0,0,0,6],[28,0,28,5],[46,0,46,5],[172,0,172,5]]}
["TABELA 513.1 - Estatísticas Agrícolas, Município de Santa Cruz do Rio Pardo, Estado de São Paulo, 2016/17."]
["ITEM","UNIDADE","N.DE UPAs","MÍNIMO","MÉDIO","MÁXIMO","TOTAL"]
["Distância à sede do município","km",{"v":1624,"d":"1,624"},{"v":0,"d":"0.0"},15.3,{"v":55,"d":"55.0"},"-"]
["Área total","hectare",{"v":1624,"d":"1,624"},0.3,{"v":64.08,"d":"64.1"},{"v":8022.7,"d":"8,022.7"},{"v":104061.42,"d":"104,061.4"}]
["Área com cultura perene","hectare",62,0.3,{"v":150.59,"d":"150.6"},{"v":3650.1,"d":"3,650.1"},{"v":9336.6,"d":"9,336.6"}]
["Área com cultura temporária","hectare",{"v":1154,"d":"1,154"},0.1,{"v":46.09,"d":"46.1"},{"v":1731.7,"d":"1,731.7"},{"v":53183.4,"d":"53,183.4"}]
["Área com pastagem","hectare",967,0.1,{"v":24.87,"d":"24.9"},937.7,{"v":24047.6,"d":"24,047.6"}]
["Área com reflorestamento","hectare",244,0.1,{"v":16.73,"d":"16.7"},882.5,{"v":4081.6,"d":"4,081.6"}]
["Área com vegetação natural","hectare",{"v":1282,"d":"1,282"},0.1,7.8,{"v":1939.1,"d":"1,939.1"},{"v":10000.2,"d":"10,000.2"}]
["Área com vegetação de brejo e várzea","hectare",471,0.1,{"v":3.51,"d":"3.5"},337.3,{"v":1652.6,"d":"1,652.6"}]
["Área em descanso","hectare",39,0.1,{"v":2.86,"d":"2.9"},24.9,111.5]
["Área complementar","hectare",{"v":1345,"d":"1,345"},{"v":0.07,"d":"0.1"},{"v":1.23,"d":"1.2"},128.5,{"v":1647.92,"d":"1,647.9"}]
["Área das UPAs com (0, 1] ha","hectare",3,0.3,0.4,0.5,1.2]
["Área das UPAs com (1, 2] ha","hectare",10,1.1,{"v":1.79,"d":"1.8"},{"v":2,"d":"2.0"},17.9]
["Área das UPAs com (2, 5] ha","hectare",108,2.2,{"v":3.77,"d":"3.8"},{"v":5,"d":"5.0"},407.5]
["Área das UPAs com (5, 10] ha","hectare",214,5.1,{"v":7.86,"d":"7.9"},{"v":10,"d":"10.0"},{"v":1682.2,"d":"1,682.2"}]
["Área das UPAs com (10, 20] ha","hectare",366,10.1,{"v":14.48,"d":"14.5"},{"v":20,"d":"20.0"},{"v":5300.07,"d":"5,300.1"}]
["Área das UPAs com (20, 50] ha","hectare",504,20.1,31.9,49.8,{"v":16075.55,"d":"16,075.6"}]
["Área das UPAs com (50, 100] ha","hectare",233,50.1,{"v":68.24,"d":"68.2"},99.6,{"v":15898.9,"d":"15,898.9"}]
["Área das UPAs com (100, 200] ha","hectare",99,100.7,{"v":135.57,"d":"135.6"},192.9,{"v":13421.2,"d":"13,421.2"}]
["Área das UPAs com (200, 500] ha","hectare",60,204.7,{"v":326.03,"d":"326.0"},496.1,{"v":19561.5,"d":"19,561.5"}]
["Área das UPAs com (500, 1.000] ha","hectare",16,{"v":507,"d":"507.0"},{"v":633.77,"d":"633.8"},{"v":847,"d":"847.0"},{"v":10140.3,"d":"10,140.3"}]
["Área das UPAs com (1.000, 2.000] ha","hectare",9,{"v":1002,"d":"1,002.0"},{"v":1271.77,"d":"1,271.8"},{"v":1858.1,"d":"1,858.1"},{"v":11445.9,"d":"11,445.9"}]
["Área das UPAs com (2.000, 5.000] ha","hectare",1,{"v":2086.5,"d":"2,086.5"},{"v":2086.5,"d":"2,086.5"},{"v":2086.5,"d":"2,086.5"},{"v":2086.5,"d":"2,086.5"}]
["Área das UPAs com (5.000, 10.000] ha","hectare",1,{"v":8022.7,"d":"8,022.7"},{"v":8022.7,"d":"8,022.7"},{"v":8022.7,"d":"8,022.7"},{"v":8022.7,"d":"8,022.7"}]
["Área das UPAs acima de 10.000 ha","hectare","-","-","-","-","-"]
["Fonte: Secretaria de Agricultura e Abastecimento, CDRS/IEA, Projeto LUPA."]
[]
["TABELA 513.2 - Explorações Animais, Município de Santa Cruz do Rio Pardo, Estado de São Paulo, 2016/17."]
["ITEM","UNIDADE","N.DE UPAs","MÍNIMO","MÉDIO","MÁXIMO","TOTAL"]
["Apicultura","colmeias",5,{"v":1,"d":"1.0"},9.6,{"v":15,"d":"15.0"},{"v":48,"d":"48.0"}]
["Asininos e muares","cabecas",18,{"v":1,"d":"1.0"},{"v":2.22,"d":"2.2"},{"v":10,"d":"10.0"},{"v":40,"d":"40.0"}]
["Avicultura de corte","cabecas/ano",1,{"v":100,"d":"100.0"},{"v":100,"d":"100.0"},{"v":100,"d":"100.0"},{"v":100,"d":"100.0"}]
["Avicultura para ovos","cabecas",3,{"v":25,"d":"25.0"},{"v":65,"d":"65.0"},{"v":100,"d":"100.0"},{"v":195,"d":"195.0"}]
["Bovinocultura de corte","cabecas",550,{"v":1,"d":"1.0"},{"v":83.42,"d":"83.4"},{"v":7048,"d":"7,048.0"},{"v":45882,"d":"45,882.0"}]
["Bovinocultura leiteira","cabecas",278,{"v":1,"d":"1.0"},{"v":17.32,"d":"17.3"},{"v":790,"d":"790.0"},{"v":4814,"d":"4,814.0"}]
["Bovinocultura mista","cabecas",57,{"v":1,"d":"1.0"},{"v":18.05,"d":"18.1"},{"v":110,"d":"110.0"},{"v":1029,"d":"1,029.0"}]
["Caprinocultura","cabecas",1,{"v":13,"d":"13.0"},{"v":13,"d":"13.0"},{"v":13,"d":"13.0"},{"v":13,"d":"13.0"}]
["Cunicultura","cabecas",1,{"v":1,"d":"1.0"},{"v":1,"d":"1.0"},{"v":1,"d":"1.0"},{"v":1,"d":"1.0"}]
["Equinocultura","cabecas",404,{"v":1,"d":"1.0"},{"v":2.86,"d":"2.9"},{"v":53,"d":"53.0"},{"v":1154,"d":"1,154.0"}]
["Minhocultura","canteiros",1,{"v":6,"d":"6.0"},{"v":6,"d":"6.0"},{"v":6,"d":"6.0"},{"v":6,"d":"6.0"}]
["Ovinocultura","cabecas",35,{"v":1,"d":"1.0"},{"v":51,"d":"51.0"},{"v":808,"d":"808.0"},{"v":1785,"d":"1,785.0"}]
["Piscicultura","m2 tanques",10,{"v":1000,"d":"1,000.0"},{"v":9510,"d":"9,510.0"},{"v":30000,"d":"30,000.0"},{"v":95100,"d":"95,100.0"}]
["Suinocultura","cabecas",42,{"v":2,"d":"2.0"},{"v":268.71,"d":"268.7"},{"v":4200,"d":"4,200.0"},{"v":11286,"d":"11,286.0"}]
["Fonte: Secretaria de Agricultura e Abastecimento, CDRS/IEA, Projeto LUPA."]
[]
["TABELA 513.3 -  Máquinas, Implementos e Benfeitorias, Município de Santa Cruz do Rio Pardo, Estado de São Paulo, 2016/17."]
["ITEM","UNIDADE","N.DE UPAs","MÍNIMO","MÉDIO","MÁXIMO","TOTAL"]
["Arado comum (bacia, aiveca)","unidade",236,{"v":1,"d":"1.0"},{"v":1.14,"d":"1.1"},{"v":6,"d":"6.0"},{"v":268,"d":"268.0"}]
["Arado escarificador","unidade",33,{"v":1,"d":"1.0"},{"v":1.06,"d":"1.1"},{"v":2,"d":"2.0"},{"v":35,"d":"35.0"}]
["Arado subsolador","unidade",100,{"v":1,"d":"1.0"},{"v":1.16,"d":"1.2"},{"v":10,"d":"10.0"},{"v":116,"d":"116.0"}]
["Batedeira de cereais","unidade",4,{"v":1,"d":"1.0"},{"v":1,"d":"1.0"},{"v":1,"d":"1.0"},{"v":4,"d":"4.0"}]
["Camara fria","unidade",4,{"v":1,"d":"1.0"},{"v":1.25,"d":"1.3"},{"v":2,"d":"2.0"},{"v":5,"d":"5.0"}]
["Carregadeira de cana","unidade",8,{"v":1,"d":"1.0"},{"v":1.38,"d":"1.4"},{"v":2,"d":"2.0"},{"v":11,"d":"11.0"}]
["Carreta de trator","unidade",185,{"v":1,"d":"1.0"},{"v":1.61,"d":"1.6"},{"v":12,"d":"12.0"},{"v":298,"d":"298.0"}]
["Colhedeira acoplada","unidade",10,{"v":1,"d":"1.0"},1.4,{"v":5,"d":"5.0"},{"v":14,"d":"14.0"}]
["Colhedeira automotriz","unidade",69,{"v":1,"d":"1.0"},{"v":1.36,"d":"1.4"},{"v":8,"d":"8.0"},{"v":94,"d":"94.0"}]
["Computador","unidade",8,{"v":1,"d":"1.0"},{"v":15.63,"d":"15.6"},{"v":82,"d":"82.0"},{"v":125,"d":"125.0"}]
["Conj.irrigacao autopropelido","unidade",1,{"v":2,"d":"2.0"},{"v":2,"d":"2.0"},{"v":2,"d":"2.0"},{"v":2,"d":"2.0"}]
["Conj.irrigacao convencional","unidade",6,{"v":1,"d":"1.0"},{"v":1,"d":"1.0"},{"v":1,"d":"1.0"},{"v":6,"d":"6.0"}]
["Conj.irrigacao pivot central","unidade",12,{"v":1,"d":"1.0"},{"v":1.17,"d":"1.2"},{"v":2,"d":"2.0"},{"v":14,"d":"14.0"}]
["Conj.irrigacao/gotejamento/microaspersao","unidade",128,{"v":1,"d":"1.0"},{"v":4.17,"d":"4.2"},{"v":25,"d":"25.0"},{"v":534,"d":"534.0"}]
["Conjunto de fenacao","unidade",19,{"v":1,"d":"1.0"},{"v":1.58,"d":"1.6"},{"v":7,"d":"7.0"},{"v":30,"d":"30.0"}]
["Desintegrador de palha (plantio direto)","unidade",5,{"v":1,"d":"1.0"},1.2,{"v":2,"d":"2.0"},{"v":6,"d":"6.0"}]
["Desintegrador, picador, triturador","unidade",188,{"v":1,"d":"1.0"},{"v":1.13,"d":"1.1"},{"v":7,"d":"7.0"},{"v":212,"d":"212.0"}]
["Distribuidor de calcario","unidade",129,{"v":1,"d":"1.0"},{"v":1.16,"d":"1.2"},{"v":5,"d":"5.0"},{"v":149,"d":"149.0"}]
["Embarcação","unidade",2,{"v":1,"d":"1.0"},1.5,{"v":2,"d":"2.0"},{"v":3,"d":"3.0"}]
["Ensiladeira","unidade",55,{"v":1,"d":"1.0"},{"v":1.07,"d":"1.1"},{"v":3,"d":"3.0"},{"v":59,"d":"59.0"}]
["Grade aradora (tipo romi)","unidade",193,{"v":1,"d":"1.0"},{"v":1.13,"d":"1.1"},{"v":3,"d":"3.0"},{"v":218,"d":"218.0"}]
["Grade niveladora","unidade",243,{"v":1,"d":"1.0"},{"v":1.12,"d":"1.1"},{"v":4,"d":"4.0"},{"v":273,"d":"273.0"}]
["Misturador de racao","unidade",32,{"v":1,"d":"1.0"},{"v":1,"d":"1.0"},{"v":1,"d":"1.0"},{"v":32,"d":"32.0"}]
["Mmicrotrator","unidade",9,{"v":1,"d":"1.0"},{"v":1.11,"d":"1.1"},{"v":2,"d":"2.0"},{"v":10,"d":"10.0"}]
["Ordenhadeira mecanica","unidade",21,{"v":1,"d":"1.0"},{"v":1.05,"d":"1.1"},{"v":2,"d":"2.0"},{"v":22,"d":"22.0"}]
["Pulverizador tratorizado","unidade",187,{"v":1,"d":"1.0"},{"v":1.58,"d":"1.6"},{"v":39,"d":"39.0"},{"v":296,"d":"296.0"}]
["Resfriador de leite, tanque expansao","unidade",21,{"v":1,"d":"1.0"},1.1,{"v":3,"d":"3.0"},{"v":23,"d":"23.0"}]
["Retroescavadeira","unidade",1,{"v":1,"d":"1.0"},{"v":1,"d":"1.0"},{"v":1,"d":"1.0"},{"v":1,"d":"1.0"}]
["Roçadeira costal","unidade",5,{"v":1,"d":"1.0"},1.6,{"v":3,"d":"3.0"},{"v":8,"d":"8.0"}]
["Roçadeira tratorizada","unidade",43,{"v":1,"d":"1.0"},{"v":1.35,"d":"1.4"},{"v":10,"d":"10.0"},{"v":58,"d":"58.0"}]
["Roçadora","unidade",86,{"v":1,"d":"1.0"},{"v":1.12,"d":"1.1"},{"v":4,"d":"4.0"},{"v":96,"d":"96.0"}]
["Semeadeira/adubadeira para plantio convencional","unidade",68,{"v":1,"d":"1.0"},{"v":1.24,"d":"1.2"},{"v":6,"d":"6.0"},{"v":84,"d":"84.0"}]
["Semeadeira/plantadeira plantio direto","unidade",112,{"v":1,"d":"1.0"},{"v":1.48,"d":"1.5"},{"v":4,"d":"4.0"},{"v":166,"d":"166.0"}]
["Tanque rede","m3",1,{"v":8,"d":"8.0"},{"v":8,"d":"8.0"},{"v":8,"d":"8.0"},{"v":8,"d":"8.0"}]
["Tecnologias de gps para controle de máquinas","unidade",26,{"v":1,"d":"1.0"},{"v":1.15,"d":"1.2"},{"v":3,"d":"3.0"},{"v":30,"d":"30.0"}]
["Terraceador","unidade",21,{"v":1,"d":"1.0"},{"v":1.14,"d":"1.1"},{"v":2,"d":"2.0"},{"v":24,"d":"24.0"}]
["Trator de esteiras","unidade",2,{"v":1,"d":"1.0"},{"v":1,"d":"1.0"},{"v":1,"d":"1.0"},{"v":2,"d":"2.0"}]
["Trator de pneus  acima de 85 cv","unidade",126,{"v":1,"d":"1.0"},{"v":2.23,"d":"2.2"},{"v":33,"d":"33.0"},{"v":281,"d":"281.0"}]
["Trator de pneus até 65 cv","unidade",150,{"v":1,"d":"1.0"},{"v":1.17,"d":"1.2"},{"v":8,"d":"8.0"},{"v":175,"d":"175.0"}]
["Trator de pneus de 66 cv a 85 cv","unidade",224,{"v":1,"d":"1.0"},{"v":1.62,"d":"1.6"},{"v":31,"d":"31.0"},{"v":362,"d":"362.0"}]
["Acude/represa","unidade",262,{"v":1,"d":"1.0"},{"v":2.06,"d":"2.1"},{"v":30,"d":"30.0"},{"v":541,"d":"541.0"}]
["Adega cantina","unidade",2,{"v":1,"d":"1.0"},{"v":1,"d":"1.0"},{"v":1,"d":"1.0"},{"v":2,"d":"2.0"}]
["Alambique","unidade",2,{"v":1,"d":"1.0"},{"v":1,"d":"1.0"},{"v":1,"d":"1.0"},{"v":2,"d":"2.0"}]
["Almoxarifado/oficina","unidade",22,{"v":1,"d":"1.0"},{"v":1.18,"d":"1.2"},{"v":2,"d":"2.0"},{"v":26,"d":"26.0"}]
["Armazem para graos ensacados","sacas",6]
["Balanca para bovinos","unidade",29,{"v":1,"d":"1.0"},{"v":1.14,"d":"1.1"},{"v":3,"d":"3.0"},{"v":33,"d":"33.0"}]
["Balanca para veiculos","unidade",9,{"v":1,"d":"1.0"},{"v":1.11,"d":"1.1"},{"v":2,"d":"2.0"},{"v":10,"d":"10.0"}]
["Barracao para bicho da seda/sirgaria","unidade",1,{"v":1,"d":"1.0"},{"v":1,"d":"1.0"},{"v":1,"d":"1.0"},{"v":1,"d":"1.0"}]
["Barracao para granja/avicultura","unidade",5,{"v":1,"d":"1.0"},1.2,{"v":2,"d":"2.0"},{"v":6,"d":"6.0"}]
["Barracao/galpao/garagem","unidade",616,{"v":1,"d":"1.0"},{"v":1.37,"d":"1.4"},{"v":5,"d":"5.0"},{"v":843,"d":"843.0"}]
["Biodigestor","unidade",1,{"v":1,"d":"1.0"},{"v":1,"d":"1.0"},{"v":1,"d":"1.0"},{"v":1,"d":"1.0"}]
["Casa de moradia habitada","unidade",658,{"v":1,"d":"1.0"},{"v":1.65,"d":"1.7"},{"v":25,"d":"25.0"},{"v":1085,"d":"1,085.0"}]
["Casa de moradia total","unidade",825,{"v":1,"d":"1.0"},1.8,{"v":106,"d":"106.0"},{"v":1483,"d":"1,483.0"}]
["Curral/mangueira","unidade",681,{"v":1,"d":"1.0"},{"v":1.06,"d":"1.1"},{"v":5,"d":"5.0"},{"v":719,"d":"719.0"}]
["Deposito/tulha","unidade",515,{"v":1,"d":"1.0"},{"v":1.21,"d":"1.2"},{"v":4,"d":"4.0"},{"v":625,"d":"625.0"}]
["Engenho","unidade",1,{"v":1,"d":"1.0"},{"v":1,"d":"1.0"},{"v":1,"d":"1.0"},{"v":1,"d":"1.0"}]
["Estabulo","unidade",38,{"v":1,"d":"1.0"},{"v":1.08,"d":"1.1"},{"v":2,"d":"2.0"},{"v":41,"d":"41.0"}]
["Estacao/posto meteorologico","unidade",3,{"v":1,"d":"1.0"},{"v":1.33,"d":"1.3"},{"v":2,"d":"2.0"},{"v":4,"d":"4.0"}]
["Estufa/plasticultura","m2",134]
["Fabrica de farinha","unidade",1,{"v":1,"d":"1.0"},{"v":1,"d":"1.0"},{"v":1,"d":"1.0"},{"v":1,"d":"1.0"}]
["Fabrica de racao","unidade",7,{"v":1,"d":"1.0"},{"v":1,"d":"1.0"},{"v":1,"d":"1.0"},{"v":7,"d":"7.0"}]
["Instalacoes para equinos","unidade",8,{"v":1,"d":"1.0"},{"v":1.38,"d":"1.4"},{"v":4,"d":"4.0"},{"v":11,"d":"11.0"}]
["Maquina de beneficio","unidade",3,{"v":1,"d":"1.0"},{"v":1,"d":"1.0"},{"v":1,"d":"1.0"},{"v":3,"d":"3.0"}]
["Packing house","unidade",2,{"v":1,"d":"1.0"},{"v":1,"d":"1.0"},{"v":1,"d":"1.0"},{"v":2,"d":"2.0"}]
["Pocilga","unidade",38,{"v":1,"d":"1.0"},{"v":2.08,"d":"2.1"},{"v":13,"d":"13.0"},{"v":79,"d":"79.0"}]
["Poco semi-artesiano","unidade",240,{"v":1,"d":"1.0"},{"v":1.08,"d":"1.1"},{"v":4,"d":"4.0"},{"v":260,"d":"260.0"}]
["Secador de graos","unidade",2,{"v":1,"d":"1.0"},{"v":3,"d":"3.0"},{"v":5,"d":"5.0"},{"v":6,"d":"6.0"}]
["Silo para graos","ton",4]
["Silo para silagem","ton",13]
["Terreiro","m2",126]
["Fonte: Secretaria de Agricultura e Abastecimento, CDRS/IEA, Projeto LUPA."]
[]
["TABELA 513.4 - Outras Estatísticas Agrícolas, Município de Santa Cruz do Rio Pardo, Estado de São Paulo, 2016/17."]
["ITEM","Número de UPAs",null,"Percentual"]
["Faz Parte de Associação de Produtores",204,null,{"v":12.561576354679802,"d":"12.6"}]
["Faz Parte de Cooperativa de Produtores",211,null,{"v":12.992610837438423,"d":"13.0"}]
["Faz Parte do Sindicato de Produtores",981,null,{"v":60.4064039408867,"d":"60.4"}]
["Não utiliza assistência técnica ",264,null,{"v":16.25615763546798,"d":"16.3"}]
["Utiliza somente assistência técnica governamental ",420,null,{"v":25.862068965517242,"d":"25.9"}]
["Utiliza somente assistência técnica privada ",226,null,{"v":13.916256157635468,"d":"13.9"}]
["Utiliza assistência técnica tanto governamental quanto privada",714,null,{"v":43.96551724137931,"d":"44.0"}]
["Utiliza Crédito Rural",982,null,{"v":60.467980295566505,"d":"60.5"}]
["Utiliza Seguro Rural",734,null,{"v":45.19704433497537,"d":"45.2"}]
["Utiliza Escrituração Agrícola",605,null,{"v":37.25369458128079,"d":"37.3"}]
["Acessa Internet p/ Fins na Agropecuária",149,null,{"v":9.17487684729064,"d":"9.2"}]
["Utiliza Computador nas Atividades Agropecuárias",144,null,{"v":8.866995073891626,"d":"8.9"}]
["Utiliza Energia Elétrica Para Uso na Atividade Agrícola",{"v":1100,"d":"1,100"},null,{"v":67.73399014778325,"d":"67.7"}]
["Utiliza Energia Alternativa",1,null,{"v":0.06157635467980296,"d":"0.1"}]
["Realiza Análise de Solo, quando necessário",{"v":1359,"d":"1,359"},null,{"v":83.68226600985221,"d":"83.7"}]
["Realiza Calagem",{"v":1095,"d":"1,095"},null,{"v":67.42610837438423,"d":"67.4"}]
["Utiliza Práticas de Conservação de Solo, quando necessário",{"v":1556,"d":"1,556"},null,{"v":95.8128078817734,"d":"95.8"}]
["Faz Adubação Mineral, quando necessário",{"v":1251,"d":"1,251"},null,{"v":77.0320197044335,"d":"77.0"}]
["Faz Adubação Orgânica, quando necessário",287,null,{"v":17.67241379310345,"d":"17.7"}]
["Faz Adubação Verde, quando necessário",128,null,{"v":7.8817733990147785,"d":"7.9"}]
["Utiliza Manejo Integrado de Pragas (MIP)",12,null,{"v":0.7389162561576355,"d":"0.7"}]
["Utiliza Hidroponia",1,null,{"v":0.06157635467980296,"d":"0.1"}]
["Utiliza Cultivo em Estufa",140,null,{"v":8.620689655172413,"d":"8.6"}]
["Utiliza Mudas Fiscalizadas",227,null,{"v":13.97783251231527,"d":"14.0"}]
["Utiliza Semente Melhorada",820,null,{"v":50.49261083743843,"d":"50.5"}]
["Faz Confinamento de Bovinos",70,null,{"v":4.310344827586206,"d":"4.3"}]
["Utiliza Pastejo Intensivo",193,null,{"v":11.88423645320197,"d":"11.9"}]
["Faz Inseminação Artificial",3,null,{"v":0.18472906403940886,"d":"0.2"}]
["Faz Mineralização do Rebanho",736,null,{"v":45.320197044334975,"d":"45.3"}]
["Faz Vermifugação do Rebanho",734,null,{"v":45.19704433497537,"d":"45.2"}]
["Possui Parceiros /Arrendatários na Exploração Animal",93,null,{"v":5.726600985221675,"d":"5.7"}]
["Existência de trabalhadores c/ deficiência na UPA",7,null,{"v":0.4310344827586207,"d":"0.4"}]
["Esporte e lazer",12,null,{"v":0.7389162561576355,"d":"0.7"}]
["Extração mineral",2,null,{"v":0.12315270935960591,"d":"0.1"}]
["Hotel Fazenda, Pousada ou SPA","-",null,"-"]
["Pesque-pague",4,null,{"v":0.24630541871921183,"d":"0.2"}]
["Restaurante ou Lanchonete",2,null,{"v":0.12315270935960591,"d":"0.1"}]
["Transformação artesanal","-",null,"-"]
["Turismo rural ou ecoturismo","-",null,"-"]
["Outras atividades econômicas rurais",4,null,{"v":0.24630541871921183,"d":"0.2"}]
["Agroindústria",3,null,{"v":0.18472906403940886,"d":"0.2"}]
["Proprietário sem instrução ou com instrução incompleta",4,null,{"v":0.24630541871921183,"d":"0.2"}]
["Proprietário com antigo primário completo",249,null,{"v":15.332512315270936,"d":"15.3"}]
["Proprietário com 1° grau (ou antigo ginasial) completo",668,null,{"v":41.13300492610838,"d":"41.1"}]
["Proprietário com 2° grau (ou antigo colegial) completo",369,null,{"v":22.72167487684729,"d":"22.7"}]
["Proprietário com curso superior completo ",301,null,{"v":18.53448275862069,"d":"18.5"}]
["Pessoa Jurídica",33,null,{"v":2.0320197044334978,"d":"2.0"}]
["Proprietário residente na própria UPA ",287,null,{"v":17.67241379310345,"d":"17.7"}]
["Fonte: Secretaria de Agricultura e Abastecimento, CDRS/IEA, Projeto LUPA."]
[]
["TABELA 513.5 - Área Cultivada, Município de Santa Cruz do Rio Pardo, Estado de São Paulo, 2016/17."]
["CULTURA","N.DE UPAs","MÍNIMO","MÉDIO","MÁXIMO","TOTAL"]
["Soja",812,{"v":1,"d":"1.0"},{"v":33.52,"d":"33.5"},{"v":1093.5,"d":"1,093.5"},{"v":27214.4,"d":"27,214.4"}]
["Milho 2 safra",799,0.4,{"v":31.44,"d":"31.4"},377.4,{"v":25122.5,"d":"25,122.5"}]
["Cana-de-acucar finalidade industria",205,{"v":1,"d":"1.0"},{"v":120.75,"d":"120.8"},{"v":1731.7,"d":"1,731.7"},{"v":24754.1,"d":"24,754.1"}]
["Braquiaria",920,0.1,{"v":24.97,"d":"25.0"},937.7,{"v":22975.1,"d":"22,975.1"}]
["Laranja Industria",21,{"v":12,"d":"12.0"},{"v":432.41,"d":"432.4"},{"v":3650.1,"d":"3,650.1"},{"v":9080.6,"d":"9,080.6"}]
["Eucalipto",240,0.1,{"v":15.95,"d":"16.0"},882.5,{"v":3826.8,"d":"3,826.8"}]
["Gramas",67,1.5,{"v":15.45,"d":"15.5"},{"v":92,"d":"92.0"},{"v":1035.4,"d":"1,035.4"}]
["Mandioca",48,0.1,{"v":11.23,"d":"11.2"},48.4,538.8]
["Milho safra",34,0.2,{"v":13.75,"d":"13.8"},68.9,467.4]
["Cafe",33,0.3,{"v":6.08,"d":"6.1"},{"v":100,"d":"100.0"},200.6]
["Milho-silagem",7,1.2,{"v":27.84,"d":"27.8"},{"v":60,"d":"60.0"},194.9]
["Teca",1,{"v":180,"d":"180.0"},{"v":180,"d":"180.0"},{"v":180,"d":"180.0"},{"v":180,"d":"180.0"}]
["Aveia",4,2.6,24.6,61.3,98.4]
["Feijao",1,{"v":46,"d":"46.0"},{"v":46,"d":"46.0"},{"v":46,"d":"46.0"},{"v":46,"d":"46.0"}]
["Pinus",1,{"v":45,"d":"45.0"},{"v":45,"d":"45.0"},{"v":45,"d":"45.0"},{"v":45,"d":"45.0"}]
["Melancia",1,{"v":45,"d":"45.0"},{"v":45,"d":"45.0"},{"v":45,"d":"45.0"},{"v":45,"d":"45.0"}]
["Cana-de-acucar outras finalidades",25,0.1,{"v":1.48,"d":"1.5"},9.3,37.1]
["Pimentao",92,0.1,{"v":0.36,"d":"0.4"},2.5,33.5]
["Outras florestais",5,0.8,{"v":5.96,"d":"6.0"},20.3,29.8]
["Gramíneas para fenação (tonelada)",2,12.1,12.7,13.3,25.4]
["Laranja destino misto",1,22.9,22.9,22.9,22.9]
["Tomate envarado",89,0.1,{"v":0.25,"d":"0.3"},2.5,22.1]
["Urucum (ou urucu)",4,3.6,5.4,{"v":8,"d":"8.0"},21.6]
["Sorgo",1,{"v":14,"d":"14.0"},{"v":14,"d":"14.0"},{"v":14,"d":"14.0"},{"v":14,"d":"14.0"}]
["Abobora (ou jerimum)",1,12.1,12.1,12.1,12.1]
["Pepino",42,0.1,{"v":0.19,"d":"0.2"},0.8,{"v":8,"d":"8.0"}]
["Alfafa",3,0.6,{"v":2.53,"d":"2.5"},{"v":6,"d":"6.0"},7.6]
["Macadamia (ou noz-macadamia)",1,5.5,5.5,5.5,5.5]
["Berinjela",21,0.1,{"v":0.26,"d":"0.3"},1.2,5.4]
["Sorgo-vassoura",1,4.8,4.8,4.8,4.8]
["Capim-napier (ou capim-elefante)",5,0.4,{"v":0.82,"d":"0.8"},1.7,4.1]
["Outras culturas temporárias",1,3.6,3.6,3.6,3.6]
["Alface",10,0.1,{"v":0.33,"d":"0.3"},1.3,3.3]
["Banana",2,{"v":1,"d":"1.0"},1.5,{"v":2,"d":"2.0"},{"v":3,"d":"3.0"}]
["Viveiro de olerícolas",1,2.5,2.5,2.5,2.5]
["Horta domestica",5,0.1,{"v":0.44,"d":"0.4"},{"v":1,"d":"1.0"},2.2]
["Girassol",1,2.1,2.1,2.1,2.1]
["Arroz",1,{"v":2,"d":"2.0"},{"v":2,"d":"2.0"},{"v":2,"d":"2.0"},{"v":2,"d":"2.0"}]
["Viveiro de flores e ornamentais",1,{"v":2,"d":"2.0"},{"v":2,"d":"2.0"},{"v":2,"d":"2.0"},{"v":2,"d":"2.0"}]
["Maracuja",1,1.5,1.5,1.5,1.5]
["Pimenta",4,0.1,{"v":0.28,"d":"0.3"},0.7,1.1]
["Lichia",1,{"v":1,"d":"1.0"},{"v":1,"d":"1.0"},{"v":1,"d":"1.0"},{"v":1,"d":"1.0"}]
["Anona (fruta-do-conde, ou pinha, ou atemoia)",1,{"v":1,"d":"1.0"},{"v":1,"d":"1.0"},{"v":1,"d":"1.0"},{"v":1,"d":"1.0"}]
["Pomar domestico",1,0.4,0.4,0.4,0.4]
["Melao",2,0.2,0.2,0.2,0.4]
["Outras olericolas",3,0.1,{"v":0.13,"d":"0.1"},0.2,0.4]
["Cenoura",1,0.2,0.2,0.2,0.2]
["Couve (ou couve-crespa)",1,0.2,0.2,0.2,0.2]
["Brocolos (ou brocolis)",1,0.2,0.2,0.2,0.2]
["Couve-flor",1,0.2,0.2,0.2,0.2]
["Chicoria (ou chicoria-de-folha-crespa)",2,0.1,0.1,0.1,0.2]
["Cebolinha",1,0.1,0.1,0.1,0.1]
["Feijao-vagem (ou vagem, ou feijao-verde)",1,0.1,0.1,0.1,0.1]
["Palmito",1,0.1,0.1,0.1,0.1]
["Chuchu",1,0.1,0.1,0.1,0.1]
["Beterraba",1,0.1,0.1,0.1,0.1]
["Fonte: Secretaria de Agricultura e Abastecimento, CDRS/IEA, Projeto LUPA."]